<?xml version="1.0" encoding="UTF-8"?>
<record
    xmlns:xsi="http://www.w3.org/2001/XMLSchema-instance"
    xsi:schemaLocation="http://www.loc.gov/MARC21/slim http://www.loc.gov/standards/marcxml/schema/MARC21slim.xsd"
    xmlns="http://www.loc.gov/MARC21/slim">

  <leader>00980nam a2200193 a 4500</leader>
  <controlfield tag="001">BRCA_90</controlfield>
  <controlfield tag="005">20190320202856.0</controlfield>
  <controlfield tag="008">930928s1991    mx-#---###---#000-0#spa-#</controlfield>
  <datafield tag="050" ind1=" " ind2="4">
    <subfield code="a">NA5257.P8</subfield>
    <subfield code="b">.T36 1991</subfield>
  </datafield>
  <datafield tag="100" ind1="1" ind2=" ">
    <subfield code="a">Tamariz de Carmona, Antonio</subfield>
    <subfield code="9">348</subfield>
  </datafield>
  <datafield tag="245" ind1="1" ind2="0">
    <subfield code="a">Relaci&#xF3;n y descripci&#xF3;n del templo real de la Ciudad de la Puebla de los Angeles en la Nueva Espa&#xF1;a, y su Catedral</subfield>
    <subfield code="c">Antonio Tamariz de Carmona; pr&#xF3;logo Efra&#xED;n Castro Morales.</subfield>
  </datafield>
  <datafield tag="260" ind1=" " ind2=" ">
    <subfield code="a">Puebla, M&#xE9;xico</subfield>
    <subfield code="b">Gobierno del Estado de Puebla, Secretar&#xED;a de Cultura</subfield>
    <subfield code="c">1991.</subfield>
  </datafield>
  <datafield tag="300" ind1=" " ind2=" ">
    <subfield code="a">195 p.</subfield>
    <subfield code="c">21 cm.</subfield>
  </datafield>
  <datafield tag="440" ind1=" " ind2="0">
    <subfield code="a">Bibliotheca angelopolitana</subfield>
    <subfield code="v">7</subfield>
    <subfield code="9">349</subfield>
  </datafield>
  <datafield tag="501" ind1=" " ind2=" ">
    <subfield code="a">Con: Puntos que el se&#xF1;or Obispo de la Puebla de los Angeles, Don Juan de Palafox y Mendoza deja encargados y encomendados a las almas de su cargo, al tiempo de partirse de estas provincias, a los reynos de Espa&#xF1;a, 1649</subfield>
  </datafield>
  <datafield tag="650" ind1="1" ind2="4">
    <subfield code="a">Arquitectura  de interiores</subfield>
    <subfield code="z">Puebla - M&#xE9;xico</subfield>
    <subfield code="9">350</subfield>
  </datafield>
  <datafield tag="700" ind1="1" ind2=" ">
    <subfield code="a">Castro Morales, Efra&#xED;n</subfield>
    <subfield code="9">351</subfield>
  </datafield>
  <datafield tag="942" ind1=" " ind2=" ">
    <subfield code="2">lcc</subfield>
    <subfield code="c">B</subfield>
  </datafield>
  <datafield tag="999" ind1=" " ind2=" ">
    <subfield code="c">78</subfield>
    <subfield code="d">78</subfield>
  </datafield>
  <datafield tag="952" ind1=" " ind2=" ">
    <subfield code="0">0</subfield>
    <subfield code="1">0</subfield>
    <subfield code="4">0</subfield>
    <subfield code="7">0</subfield>
    <subfield code="a">BRCA</subfield>
    <subfield code="b">BRCA</subfield>
    <subfield code="d">2008-06-25</subfield>
    <subfield code="l">0</subfield>
    <subfield code="o">NA5257.P8 .T36 1991</subfield>
    <subfield code="p">00085</subfield>
    <subfield code="r">2019-03-22 00:00:00</subfield>
    <subfield code="w">2019-03-22</subfield>
    <subfield code="y">B</subfield>
  </datafield>
</record>
